[Event "Belp op"]
[Site "Belp"]
[Date "2015.05.25"]
[Round "5"]
[White "Sommer, Matthias1111"]
[Black "Ruettimann, Stefan"]
[Result "1-0"]
[WhiteElo "1744"]
[BlackElo "1346"]
[PlyCount "55"]
[EventDate "2015.05.23"]
[EventType "swiss"]
[EventRounds "5"]
[EventCountry "SUI"]
[SourceTitle "EXT 2016"]
[Source "ChessBase"]
[SourceDate "2015.10.08"]
[SourceVersion "1"]
[SourceVersionDate "2015.10.08"]
[SourceQuality "1"]

1. c4 c5 2. Nc3 Nf6 3. g3 Nc6 4. Bg2 g6 5. Nf3 Bg7 6. d4 d6 7. 0-0 0-0 8. dxc5 Re8 9. cxd6 exd6 10. Bf4 Bf8 11. Nd4 Rb8 12. Nxc6 bxc6 13. Bxc6 Bd7 14. Bxd7 Qxd7 15. Qd4 Re6 16. b3 a6 17. Rad1 Rd8 18. Bg5 Bg7 19. Qd2 Rde8 20. Bxf6 Bxf6 21. e3 Qc6 22. Qd5 Qc7 23. Ne2 Rd8 24. Nf4 Re5 25. Qf3 Qb6 26. Nd5 Rf5 27. Qxf5 gxf5 28. Nxb6 1-0

[Event "Belp op"]
[Site "Belp"]
[Date "2015.05.23"]
[Round "1"]
[White "Ruettimann, Stefan"]
[Black "Stijve, Theo"]
[Result "0-1"]
[WhiteElo "1346"]
[BlackElo "1903"]
[PlyCount "80"]
[EventDate "2015.05.23"]
[EventType "swiss"]
[EventRounds "5"]
[EventCountry "SUI"]
[SourceTitle "EXT 2016"]
[Source "ChessBase"]
[SourceDate "2015.10.08"]
[SourceVersion "1"]
[SourceVersionDate "2015.10.08"]
[SourceQuality "1"]

1. c4 Nf6 2. Nc3 e6 3. Nf3 d5 4. g3 Be7 5. Bg2 0-0 6. d4 dxc4 7. 0-0 c5 8. Bg5 Nc6 9. e3 Nd5 10. Bxe7 Qxe7 11. Ne5 Nxe5 12. Nxd5 exd5 13. dxe5 Rd8 14. Bxd5 Be6 15. e4 Bxd5 16. exd5 Qxe5 17. Re1 Qd4 18. Qf3 Qf6 19. Qe4 c3 20. bxc3 Qxc3 21. Rac1 Qd4 22. Rcd1 Qxe4 23. Rxe4 Rd7 24. Rde1 Kf8 25. Rd1 Rad8 26. Rb1 b6 27. Ra4 Ra8 28. Rd1 Ke7 29. f4 Kd6 30. Re4 Re7 31. Rde1 Rae8 32. Re5 Rxe5 33. fxe5+ Rxe5 34. Rd1 Rxd5 35. Rxd5+ Kxd5 36. Kg2 Kd4 37. h4 c4 38. Kf2 Kd3 39. Ke1 Kc2 40. a4 Kb2 0-1